History Quiz

Random History or Politics Quiz
Score 0/20 Timer 05:00
0 Plays Today
Clue Name % Correct
President of Iraq executed in 2006.Saddam Hussein
85.8%
A national heroine of France and a Catholic saint.Joan of Arc
63%
Scottish freedom fighter executed by the English in 1305.William Wallace
47.9%
This king was executed during the French Revolution in 1793.King Louis XVI
45.5%
Serial killer acted as his own attorney in court before being convicted in Dade County, Florida for the Chi Omega murders at Florida State University.Ted Bundy
44.3%
Convicted of bombing the Alfred P. Murrah Building in Oklahoma City on April 19, 1995.Timothy McVeigh
39.7%
Serial killer began dumping victims into the Des Plaines River after he ran out of room in the crawl space under his house.John Wayne Gacy
33.8%
This English king was executed for high treason in 1649; his grandmother, Mary, Queen of Scots, was also executed.King Charles I
30.9%
American communists who were executed in 1953 for conspiracy to commit espionage.Julius and Ethel Rosenberg
30.4%
1920 Italian immigrants executed in Massachusetts and widely believed to be innocent today.Sacco and Vanzetti
20.9%
Clue Name % Correct
This 'Architect of the Holocaust' fled to Argentina and was captured and executed in Israel in 1962.Adolf Eichmann
19%
Widely considered America's first spy, he was executed in 1776 by the British.Nathan Hale
18.2%
This German officer was executed after a failed plot to assassinate Hitler; Tom Cruise portrays him in 'Valkyrie'.Claus Schenk Graf von Stauffenberg
11.1%
Nazi diplomat played a key role in the conclusion of the Soviet-German non-aggression pact in 1939.Joachim von Ribbentrop
9.6%
Executed in Utah in 1977; first man to be executed after a 10 year hiatus on capital punishment in the U.S.Gary Gilmore
9.4%
Early leader of the Crips was executed in California in 2005.Stanley 'Tookie' Williams III
9.1%
Romanian dictator was executed with wife, Elena, in 1989.Nicolae Ceau┼čescu
8.1%
Abe Lincoln assassination co-conspirator; the first woman executed by the U.S. government.Mary Surratt
5.6%
First woman executed in Texas since 1863.Karla Faye Tucker Brown
3.9%
Confessed to killing eight people, including five students near the campus of the University of Florida in 1990.Danny Harold Rolling
1.9%
Remove Ads.
Support Sporcle.
Get the best of Sporcle when you Go Orange. This ad-free experience offers more features, more stats, and more fun while also helping to support Sporcle. Thank you for becoming a member.

You're not logged in!

Compare scores with friends on all Sporcle quizzes.
OR
Log In

Sporcle TV

Today on Sporcle TV


Watch our educational content, quiz creation guides, and fun videos on Sporcle TV.

Show Comments

Extras

Top Quizzes Today


Score Distribution

Paid Content

Your Account Isn't Verified!

In order to create a playlist on Sporcle, you need to verify the email address you used during registration. Go to your Sporcle Settings to finish the process.

Report this User

Report this user for behavior that violates our Community Guidelines.

Details: